Muslim Majority Cities - Sudden Death - Statistics

General Stats
  • This quiz has been taken 29,204 times
    28,489 since last reset
  • The average score is 14 of 21
Answers on the Grid
Answers color-coded by a green-red scale on the quiz's grid according to % correct below.
Addis Ababa
Algiers
Amman
Astana
Baghdad
Baku
Bangalore
Bangkok
Beirut
Berlin
Cairo
Casablanca
Chittagong
Colombo
Dakar
Djibouti
Dubai
Istanbul
Jakarta
Kabul
Karachi
Kinshasa
Mogadishu
Montevideo
Muscat
Nicosia
Phnom Penh
Sana'a
Sofia
Tehran
Tirana
Yangon
 
Answer Stats
Answer % Correct
Algiers
87%
Baghdad
86%
Dubai
78%
Amman
77%
Cairo
77%
Istanbul
76%
Tehran
75%
Kabul
73%
Beirut
72%
Jakarta
68%
Casablanca
67%
Muscat
67%
Karachi
63%
Baku
61%
Sana'a
59%
Dakar
58%
Mogadishu
56%
Djibouti
54%
Astana
49%
Tirana
47%
Chittagong
30%
No matching quizzes found
Score Distribution
Percent of People with Each Score
Percentile by Number Answered
Your Score History
You have not taken this quiz since the last reset